Ernesto Guevara /
Aspectos fundamentales de los sucesos acaecidos en la Higuera (Bolivia) alrededor de la muerte del "Che". Recorrido por su vida y sus discursos.
Guardado en:
| Autor Corporativo: | |
|---|---|
| Formato: | |
| Series: | Los que forjaron el siglo XX
|
| Materias: | |
| Etiquetas: |
Agregar Etiqueta
Sin Etiquetas, Sea el primero en etiquetar este registro!
|
| LEADER | 00964ngm a22002655g 4500 | ||
|---|---|---|---|
| 001 | CEM.cems022455 | ||
| 008 | 130507b2000##################0###0#####d | ||
| 005 | 20241104152712.0 | ||
| 245 | 1 | 0 | |a Ernesto Guevara / |c Ámbito Financiero. |
| 300 | |a 54'. | ||
| 490 | 0 | |a Los que forjaron el siglo XX | |
| 500 | |a En soporte VHS, consultar en ventanilla. | ||
| 538 | |a Soporte: VHS - Norma: Pal N - Color: Si - Grabación DRD 2000 - Hitachi=4425. | ||
| 520 | |a Aspectos fundamentales de los sucesos acaecidos en la Higuera (Bolivia) alrededor de la muerte del "Che". Recorrido por su vida y sus discursos. | ||
| 110 | 2 | |a Ámbito Financiero. | |
| 082 | 9 | 8 | |/ CUB |
| 653 | |a HISTORIA AMERICANA | ||
| 653 | |a CUBA | ||
| 653 | |a GUEVARA,ERNESTO | ||
| 653 | |a CHE GUEVARA | ||
| 653 | |a REVOLUCION CUBANA | ||
| 653 | |a ARGENTINA-HISTORIA | ||
| 653 | |a NIVEL PRIMARIO | ||
| 653 | |a NIVEL SECUNDARIO | ||
| 859 | |a CEMS |b BIB. CEMS - Depto. Recursos Didacticos |h 982 |i CUB |k DRD |p 1098.12 |t Ej.1 | ||
